Excel for Accounting - Excel สำหรับงานบัญชี / (ระเบียนเลขที่ 107227)
| 000 -LEADER | |
|---|---|
| fixed length control field | 02776nam a22002177a 4500 |
| 003 - CONTROL NUMBER IDENTIFIER | |
| control field | NALT |
| 005 - DATE AND TIME OF LATEST TRANSACTION | |
| control field | 20251212145323.0 |
| 008 - FIXED-LENGTH DATA ELEMENTS--GENERAL INFORMATION | |
| fixed length control field | 250924b th ||||| |||| 00| 0 tha d |
| 020 ## - INTERNATIONAL STANDARD BOOK NUMBER | |
| International Standard Book Number | 9786163022271 |
| 040 ## - CATALOGING SOURCE | |
| Original cataloging agency | NALT |
| 100 0# - MAIN ENTRY--PERSONAL NAME | |
| Personal name | สุรัตน์ ลีรัตนชัย. |
| 9 (RLIN) | 67137 |
| 245 10 - TITLE STATEMENT | |
| Title | Excel for Accounting - Excel สำหรับงานบัญชี / |
| Statement of responsibility, etc | สุรัตน์ ลีรัตนชัย ; กองบรรณาธิการ, สาวิกา ขุนราม. |
| Medium | [electronic resource] |
| 250 ## - EDITION STATEMENT | |
| Edition statement | พิมพ์ครั้งที่ 2. |
| 260 ## - PUBLICATION, DISTRIBUTION, ETC. | |
| Place of publication, distribution, etc. | กรุงเทพฯ : |
| Name of publisher, distributor, etc. | ธรรมนิติ เพรส, |
| Date of publication, distribution, etc. | 2565. |
| 300 ## - PHYSICAL DESCRIPTION | |
| Extent | Online resource |
| 520 ## - SUMMARY, ETC. | |
| Summary, etc | หนังสือเล่มนี้มีเนื้อหาเกี่ยวกับการประยุกต์โปรแกรม Microsoft Excel กับงานบัญชี เนื้อหาในเล่มประกอบด้วย -พื้นฐานการจัดการข้อมูลใน Excel -การใช้ฟังก์ชั่นที่จำเป็นกับงานบัญชี -การใช้เครื่องมือในการจัดการและวิเคราะห์ข้อมูลทางการบัญชี -การจัดทำรายงานจากฐานข้อมูลจำนวนมาก -การนำข้อมูลบัญชีและการเงินไปสร้างแผนภูมิ -การนำแผนภูมิไปจัดทำกระดานนำเสนอข้อมูล (Dashboard) คู่มือเล่มนี้ ช่วยให้ผู้บริหารหรือผู้ใช้ข้อมูล สามารถนำไปวางแผน ควบคุม และตัดสินใจเรื่องต่างๆ ได้ โดยผู้เขียนได้นำความรู้ในเนื้อหาต่างๆ นำเสนอในรูปแบบของกรณีศึกษา พร้อมแบบฝึกปฏิบัติมากกว่า 90 ข้อ ซึ่งช่วยให้ผู้อ่านได้ฝึกปฏิบัติและทำความเข้าใจการประยุกต์ Excel กับงานบัญชีได้มากยิ่งขึ้น. |
| 650 #4 - SUBJECT ADDED ENTRY--TOPICAL TERM | |
| Topical term or geographic name as entry element | การบัญชี |
| General subdivision | โปรแกรมคอมพิวเตอร์ |
| 9 (RLIN) | 67136 |
| 856 40 - ELECTRONIC LOCATION AND ACCESS | |
| Uniform Resource Identifier | <a href="https://ebook.parliament.go.th/ebookall/detail/438299">https://ebook.parliament.go.th/ebookall/detail/438299</a> |
| Public note (Online Database name) | E-Book |
| 942 ## - ADDED ENTRY ELEMENTS (KOHA) | |
| Koha item type | E-Book |
| Source of classification or shelving scheme | Library of Congress Classification |
| 996 ## - STAFF PROCESSING RECORDS (NALT) | |
| Staff name | jamriang.p |
| Staff type | CATSTF |
| Acquisition or Cataloging date (ใส่ปี ค.ศ. : YYYY-MM-DD เช่น 2023-03-15) | 2025-12-12 |
| 998 ## - STAFF NAME | |
| -- | 1020 |
| -- | นางจำเรียง ระวังสำโรง |
| Withdrawn status | Lost status | Source of classification or shelving scheme | Damaged status | Not for loan | Collection code | Home library | Current library | Shelving location | Date acquired | Source of acquisition | Date last seen | Copy number | Koha item type |
|---|---|---|---|---|---|---|---|---|---|---|---|---|---|
| Library of Congress Classification | Electronic Resources | National Assembly Library of Thailand | National Assembly Library of Thailand | Online Access | 29/09/2025 | 191 | 29/09/2025 | 1 | E-Book |
